[Event "Kalamazoo (Mini-Swiss.2/3)"]
[Site "?"]
[Date "1996.??.??"]
[Round "?"]
[White "Cunningham, Cole"]
[Black "Pulsipher, D."]
[Result "0-1"]
[WhiteElo "1605"]
[BlackElo "1735"]
[PlyCount "78"]
[EventDate "1996.??.??"]

{2/(3)} 1. e4 c5 2. Nf3 d6 3. d4 cxd4 4. Nxd4 Nf6 5. Nc3 g6 6. Be2 Bg7 7. O-O
O-O 8. Be3 Nc6 9. Nxc6 bxc6 10. Rb1 Qc7 11. Qd2 Rd8 12. f4 Rb8 13. f5 Bd7 14.
fxg6 hxg6 15. Bh6 Bh8 16. Qf4 Be6 17. Nd1 Bxa2 18. Ra1 Be6 19. c3 Rb7 20. Bd3
Nd7 21. Qf3 Ne5 22. Qe2 a5 23. h3 Rdb8 24. Bc1 Bg7 25. Rf2 d5 26. Bf4 Rd8 27.
exd5 Bxd5 28. Ne3 Qd7 29. Rd1 Nxd3 30. Rxd3 Qe8 31. Qd2 Rbd7 32. Nxd5 Rxd5 33.
Rxd5 Rxd5 34. Qc1 Qd8 35. Rd2 e5 36. c4 Rxd2 37. Qxd2 Qxd2 38. Bxd2 e4 39. Bc1
Kf8 {[Remainder illegible; 9-1, 59?]} 0-1

[Event "Lansing (MOR/3/39)"]
[Site "?"]
[Date "1996.??.??"]
[Round "?"]
[White "Crysler, Jerry"]
[Black "Zydeck, B."]
[Result "1-0"]
[WhiteElo "1605"]
[BlackElo "1605"]
[PlyCount "91"]
[EventDate "1996.??.??"]

{3/(39)} 1. e3 d5 2. Ne2 Nf6 3. Ng3 e5 4. d3 Nc6 5. Bd2 e4 6. Be2 Bb4 7. O-O
O-O 8. Bxb4 Nxb4 9. c3 exd3 10. Bxd3 Nxd3 11. Qxd3 Re8 12. Nd2 c6 13. Nf3 h6
14. b4 Bg4 15. Nd2 Be6 16. f4 Ng4 17. Rae1 Qb6 18. Rf3 Re7 19. h3 Rae8 20. Ndf1
g6 21. hxg4 Bxg4 22. Rf2 c5 23. a3 c4 24. Qxd5 Rxe3 25. Nxe3 Rxe3 26. Ref1 Rxg3
27. Kh2 Qe3 28. Qd8+ Kg7 29. Qh4 Be2 30. Qxg3 Qxg3+ 31. Kxg3 Bxf1 32. Rxf1 f6
33. Rd1 g5 34. Rd7+ Kg6 35. Rxb7 h5 36. fxg5 Kxg5 37. Rxa7 h4+ 38. Kh3 f5 39.
b5 f4 40. b6 f3 41. gxf3 Kf4 42. b7 Kxf3 43. b8=Q Ke3 44. Qd6 Kf2 45. Rf7+ Kg1
46. Qh2# 1-0

[Event "Howell (US Am N/4/35)"]
[Site "?"]
[Date "1996.??.??"]
[Round "?"]
[White "Crysler, Jerry"]
[Black "Walquist, Elaine"]
[Result "0-1"]
[WhiteElo "1605"]
[BlackElo "1750"]
[PlyCount "74"]
[EventDate "1996.??.??"]

{4/(35)} 1. Nc3 d5 2. e3 e6 3. d4 f5 4. Qh5+ g6 5. Qe2 Nf6 6. Nf3 Bd6 7. g3 O-O
8. Bg2 Nbd7 9. O-O c6 10. Ng5 Qe7 11. f4 Ne4 12. Ncxe4 fxe4 13. Bh3 Nf6 14. Bg2
Bd7 15. c4 Qg7 16. c5 Bc7 17. b4 h6 18. Nh3 Rf7 19. Bb2 Raf8 20. a4 a6 21. Nf2
g5 22. Ng4 Nxg4 23. Qxg4 e5 24. Qh5 exf4 25. gxf4 gxf4 26. exf4 Bg4 27. Qh4
Rxf4 28. Rxf4 Rxf4 29. Bc1 Bf3 30. Qh3 Bxg2 31. Qxg2 Rg4 32. Ra2 Kh7 33. Be3
Qg6 34. Kf1 Rxg2 35. Rxg2 Qh5 36. h4 Qd1+ 37. Kf2 Qf3+ 0-1

[Event "Lansing (MOR/7/15)"]
[Site "?"]
[Date "1996.??.??"]
[Round "?"]
[White "Crysler, Jerry"]
[Black "Turkalo, A."]
[Result "0-1"]
[WhiteElo "1605"]
[BlackElo "1605"]
[PlyCount "83"]
[EventDate "1996.??.??"]

{7/(15)} 1. d3 c5 2. Bd2 Nc6 3. e3 g6 4. Ne2 Bg7 5. c3 e6 6. Ng3 Nge7 7. Be2 d5
8. O-O O-O 9. Be1 e5 10. f3 f5 11. f4 Be6 12. a3 Qb6 13. Qd2 Rad8 14. Bf2 Qc7
15. b4 exf4 16. exf4 cxb4 17. axb4 a6 18. Qe3 Bf7 19. d4 Rfe8 20. Qd2 Nc8 21.
Na3 Nd6 22. b5 axb5 23. Nxb5 Nxb5 24. Bxb5 Rc8 25. Ne2 Re6 26. Nc1 Na5 27. Na2
Nb3 28. Qb2 Nxa1 29. Rxa1 Rb6 30. Rb1 Qxf4 31. Nc1 Be8 32. Qe2 Bxb5 33. Rxb5
Qxc1+ 34. Be1 Rbc6 35. Rxd5 f4 36. Rd7 Qe3+ 37. Qxe3 fxe3 38. Rxb7 Ra6 39. Re7
Bh6 40. Kf1 Ra2 41. g4 Rf8+ 42. Kg1 0-1

[Event "Detroit (Class DE/1/7)"]
[Site "?"]
[Date "1996.??.??"]
[Round "?"]
[White "Crysler, Jerry"]
[Black "Sobh, Mohamed"]
[Result "1-0"]
[WhiteElo "1605"]
[BlackElo "1605"]
[PlyCount "93"]
[EventDate "1996.??.??"]

{1/(7)} 1. e3 e5 2. d4 d6 3. Ne2 Nf6 4. dxe5 dxe5 5. Qxd8+ Kxd8 6. Nbc3 Nbd7 7.
Bd2 c6 8. O-O-O Ng4 9. Ne4 f5 10. f3 fxe4 11. fxg4 Nf6 12. Bc3+ Bd7 13. h3 Bc5
14. Bd2 Rf8 15. Ng3 g6 16. g5 Nh5 17. Nxe4 Be7 18. g4 Ng7 19. Bc3 Ne6 20. Bxe5
Kc8 21. Nd6+ Kc7 22. Nf5+ Kd8 23. Nxe7 Kxe7 24. Bd6+ Kd8 25. Bxf8 Nxf8 26. Bc4
b5 27. Bb3 Ke8 28. Rhf1 a5 29. Rxf8+ Kxf8 30. Rxd7 a4 31. Rf7+ Ke8 32. Be6 Rd8
33. Rxh7 Rd6 34. Bf7+ Kf8 35. a3 c5 36. e4 b4 37. axb4 cxb4 38. Bd5 Ke8 39. Ra7
a3 40. bxa3 bxa3 41. Rxa3 Kd8 42. h4 Ke7 43. Ra7+ Kf8 44. Rf7+ Ke8 45. Rf6 Rd8
46. Rxg6 Ra8 47. Rg8+ 1-0

[Event "Lansing (MOR/1b/3)"]
[Site "?"]
[Date "1996.??.??"]
[Round "?"]
[White "Crysler, Jerry"]
[Black "Herron, J."]
[Result "0-1"]
[WhiteElo "1605"]
[BlackElo "1725"]
[PlyCount "104"]
[EventDate "1996.??.??"]

1. e3 Nf6 2. Ne2 g6 3. d3 Bg7 4. c3 c5 5. Bd2 Nc6 6. Ng3 d5 7. Be2 Qd6 8. O-O
h5 9. Be1 h4 10. Nh1 h3 11. g3 e5 12. Nd2 e4 13. f4 exd3 14. Bxd3 Ng4 15. Rf3
Be6 16. Be2 O-O-O 17. Nf2 d4 18. Nde4 Qe7 19. exd4 cxd4 20. Nxg4 dxc3 21. Rd3
Rxd3 22. Qxd3 Rd8 23. Qb5 cxb2 24. Rb1 f5 25. Ne5 Nxe5 26. fxe5 fxe4 27. Rxb2
Rd5 28. Rc2+ Kb8 29. Qa4 Bxe5 30. Bf2 b6 31. Qc6 Qd7 32. Kf1 Qxc6 33. Rxc6 Rd6
34. Rc2 Bd4 35. Ba6 Bxf2 36. Rxf2 Kc7 37. Rf6 Bc4+ 38. Bxc4 Rxf6+ 39. Ke2 Kd6
40. Ke3 Ke5 41. Be2 g5 42. Bg4 Rh6 43. Bd7 Rd6 44. Bxh3 Rd3+ 45. Kf2 Rd2+ 46.
Kg1 Rxa2 47. Bf1 e3 48. Bc4 Rb2 49. h3 Ke4 50. Bf7 Kf3 51. h4 Kxg3 52. Bg6 e2
0-1

[Event "Howell (US Am N/6/42)"]
[Site "?"]
[Date "1996.??.??"]
[Round "?"]
[White "Crysler, Jerry"]
[Black "Goerke, Daniel"]
[Result "1-0"]
[WhiteElo "1605"]
[BlackElo "1605"]
[PlyCount "95"]
[EventDate "1996.??.??"]

{6/(42)} 1. d4 d5 2. e3 Nf6 3. Nc3 Nc6 4. Nge2 e5 5. dxe5 Nxe5 6. Ng3 Bb4 7.
Bd2 d4 8. exd4 Qxd4 9. Be2 Bxc3 10. Bxc3 Qxd1+ 11. Rxd1 Nc6 12. Bxf6 gxf6 13.
O-O Be6 14. Rfe1 Rd8 15. Rxd8+ Nxd8 16. Nh5 f5 17. Ng7+ Kf8 18. Nxe6+ fxe6 19.
Bf3 Kf7 20. Rd1 Re8 21. Bh5+ Ke7 22. Bxe8 Kxe8 23. g3 Nc6 24. a3 Kf7 25. Rd7+
Kf6 26. Rxh7 Na5 27. Rxc7 e5 28. b4 Nc6 29. Rxb7 a5 30. Rb6 axb4 31. axb4 e4
32. Rxc6+ Ke5 33. c4 f4 34. b5 fxg3 35. hxg3 Kd4 36. b6 e3 37. fxe3+ Kxe3 38.
b7 Kf3 39. b8=Q Ke2 40. Qb2+ Ke3 41. Qf2+ Ke4 42. Re6+ Kd3 43. Qf3+ Kd4 44.
Qe3+ Kxc4 45. Qf4+ Kc3 46. Re3+ Kd2 47. Qf2+ Kd1 48. Re1# 1-0

[Event "Detroit (Class DE/3/9)"]
[Site "?"]
[Date "1996.??.??"]
[Round "?"]
[White "Crysler, Jerry"]
[Black "Gaiefsky, Joey"]
[Result "0-1"]
[WhiteElo "1605"]
[BlackElo "1605"]
[PlyCount "74"]
[EventDate "1996.??.??"]

{3/(9)} 1. e3 e5 2. Ne2 Nf6 3. Ng3 Nc6 4. Be2 Be7 5. d4 exd4 6. exd4 d5 7. O-O
Be6 8. c3 Qd7 9. b4 O-O 10. Nd2 Bd6 11. f4 Ne7 12. Nf3 Nf5 13. Nxf5 Bxf5 14.
Ne5 Qe6 15. Nf3 Ne4 16. Ng5 Qh6 17. Nxe4 Bxe4 18. Be3 Rfe8 19. Qd2 Re6 20. Bf3
f5 21. g3 Rae8 22. Bxe4 Rxe4 23. Rae1 g6 24. Rf3 Qh5 25. Qg2 b6 26. Kf2 c5 27.
dxc5 bxc5 28. bxc5 Bxc5 29. Re2 g5 30. fxg5 Qxg5 31. Kf1 Rxe3 32. Rfxe3 Bxe3
33. Qxd5+ Kg7 34. c4 Re7 35. c5 Qg4 36. Qd6 Qe4 37. c6 Qh1# 0-1

[Event "Lansing (MOR/5/36)"]
[Site "?"]
[Date "1996.??.??"]
[Round "?"]
[White "Crysler, Jerry"]
[Black "Fleshman, Justin"]
[Result "1-0"]
[WhiteElo "1605"]
[BlackElo "1605"]
[PlyCount "167"]
[EventDate "1996.??.??"]

{5/(36)} 1. d3 e5 2. Bd2 Nf6 3. e3 d5 4. Ne2 Nc6 5. Ng3 Be6 6. a3 Bd6 7. f3 e4
8. f4 Qd7 9. h3 O-O 10. Be2 g6 11. O-O h6 12. Be1 Ne7 13. Nh1 Nf5 14. Bf2 h5
15. d4 a5 16. Nc3 c6 17. g4 hxg4 18. hxg4 Nxe3 19. Bxe3 Nxg4 20. Bxg4 Bxg4 21.
Qd2 Bh3 22. Rf2 Qg4+ 23. Kh2 Kg7 24. Rg1 Qh4 25. Rg3 Bg4+ 26. Kg1 Bf3 27. Rh2
Qf6 28. Nf2 Rh8 29. Nh3 Qh4 30. Bf2 Bxf4 31. Qxf4 Qxf4 32. Nxf4 Rxh2 33. Kxh2
b5 34. b3 b4 35. axb4 axb4 36. Na4 Bd1 37. Nb6 Ra2 38. Be1 Rxc2+ 39. Rg2 Rc1
40. Bxb4 Bf3 41. Rg1 Rc2+ 42. Kg3 Rb2 43. Rc1 Rxb3 44. Bc5 g5 45. Ng2 f5 46.
Rg1 Rb5 47. Nd7 Rb3 48. Ne5 f4+ 49. Nxf4 gxf4+ 50. Kxf4+ Kh7 51. Bf8 Rb7 52.
Rg3 Rc7 53. Kf5 Kh8 54. Kf6 Bh5 55. Rg7 Rxg7 56. Bxg7+ Kh7 57. Bf8 e3 58. Nxc6
e2 59. Bb4 Be8 60. Ne5 Kh6 61. Nd3 Kh5 62. Nf4+ Kg4 63. Nxe2 Kf3 64. Nc3 Ke3
65. Bc5 Bc6 66. Ke5 Kd3 67. Nxd5 Kc4 68. Kd6 Ba8 69. Nb6+ Kd3 70. Nxa8 Ke4 71.
Ke6 Kf4 72. d5 Ke4 73. d6 Kd3 74. d7 Kc4 75. Bf8 Kb5 76. d8=Q Kc4 77. Qd5+ Kc3
78. Ke5 Kc2 79. Ke4 Kc3 80. Bg7+ Kb4 81. Kd3 Ka3 82. Kc3 Ka4 83. Nb6+ Ka3 84.
Qb3# 1-0

[Event "Cadillac Open/2/22"]
[Site "?"]
[Date "1996.??.??"]
[Round "?"]
[White "Crysler, Jerry"]
[Black "Feguer, Dan"]
[Result "1-0"]
[WhiteElo "1605"]
[BlackElo "1605"]
[PlyCount "65"]
[EventDate "1996.??.??"]

{2/22} 1. Nf3 d5 2. g3 Nc6 3. Bg2 Nf6 4. d3 Bg4 5. O-O Bxf3 6. exf3 e6 7. Bg5
Be7 8. Nc3 O-O 9. f4 e5 10. fxe5 Nxe5 11. Bxf6 Bxf6 12. Nxd5 c6 13. Nxf6+ Qxf6
14. f4 Ng6 15. c3 Qe6 16. Re1 Qd6 17. d4 c5 18. b3 cxd4 19. Bxb7 Rab8 20. Be4
dxc3 21. Qxd6 Rfd8 22. Qc7 Re8 23. Qxc3 Rbc8 24. Qd4 Rf8 25. Qxa7 f6 26. f5 Nh8
27. Bd5+ Nf7 28. Re7 h6 29. Bxf7+ Kh8 30. Bg6 Kg8 31. Rxg7+ Kh8 32. Rh7+ Kg8
33. Qg7# 1-0

[Event "Cadillac Open/4/19"]
[Site "?"]
[Date "1996.??.??"]
[Round "?"]
[White "Crysler, Jerry"]
[Black "Beyer, B."]
[Result "1-0"]
[WhiteElo "1605"]
[BlackElo "1605"]
[PlyCount "25"]
[EventDate "1996.??.??"]

{4/19} 1. Nf3 c5 2. g3 Qa5 3. Bg2 Nc6 4. O-O e5 5. d3 Nh6 6. e4 Bd6 7. Nc3 O-O
8. Nd5 Ng4 9. Ng5 Nf6 10. Nxf6+ gxf6 11. Nh3 Qa4 12. Bh6 Nb4 13. Qg4+ 1-0

[Event "Howell (US Am N/2/53)"]
[Site "?"]
[Date "1996.??.??"]
[Round "?"]
[White "Crysler, Jerry"]
[Black "Afshar, N."]
[Result "0-1"]
[WhiteElo "1605"]
[BlackElo "1605"]
[PlyCount "102"]
[EventDate "1996.??.??"]

{2/(53)} 1. Nc3 Nf6 2. d4 d5 3. Nf3 g6 4. e3 Bg4 5. Be2 Bg7 6. Ne5 Bxe2 7. Nxe2
O-O 8. Ng3 Nfd7 9. f4 f6 10. Nf3 e5 11. dxe5 fxe5 12. Qxd5+ Kh8 13. Ng5 Qe8 14.
O-O Nc6 15. f5 Nf6 16. Qe6 Qxe6 17. Nxe6 Rf7 18. fxg6 hxg6 19. Nxg7 Kxg7 20. c3
Rd8 21. e4 Rd6 22. Bg5 Ne7 23. h3 Neg8 24. b4 Rfd7 25. Bxf6+ Nxf6 26. Rae1 Rd2
27. Rf2 R7d3 28. Rxd2 Rxd2 29. Re2 Rxe2 30. Nxe2 Nxe4 31. g4 g5 32. a4 b6 33.
Kg2 Kf6 34. Kf3 Nd2+ 35. Kf2 Ke6 36. Ke3 Nc4+ 37. Ke4 a5 38. Nc1 Nb2 39. bxa5
bxa5 40. Nb3 Nxa4 41. Kd3 Nb2+ 42. Kc2 Nc4 43. Kd3 Kd5 44. Nc1 a4 45. Na2 c5
46. Ke2 Nb2 47. Kf3 Kc4 48. Ke4 Kb3 49. Nc1+ Kxc3 50. Kxe5 Nd3+ 51. Nxd3 Kxd3
0-1

[Event "Cadillac Open/1a/8"]
[Site "?"]
[Date "1996.??.??"]
[Round "?"]
[White "Croel, Duane"]
[Black "Nikitin, Matt"]
[Result "1-0"]
[WhiteElo "1835"]
[BlackElo "1605"]
[PlyCount "31"]
[EventDate "1996.??.??"]

1. d4 d5 2. c4 Nf6 3. cxd5 Nxd5 4. e4 Nf6 5. Nc3 Nc6 6. Nf3 e6 7. h3 Bb4 8. Bg5
Bxc3+ 9. bxc3 O-O 10. e5 h6 11. Bh4 g5 12. Nxg5 hxg5 13. Bxg5 Qd5 14. Bxf6 Re8
15. Qg4+ Kf8 16. Qg7# 1-0

[Event "Flint (MI Jr Spon/2)"]
[Site "?"]
[Date "1996.??.??"]
[Round "?"]
[White "Croel, Duane"]
[Black "Moody, David"]
[Result "0-1"]
[WhiteElo "1820"]
[BlackElo "2005"]
[PlyCount "88"]
[EventDate "1996.??.??"]

1. d4 Nf6 2. c4 c5 3. d5 e6 4. Nc3 exd5 5. cxd5 d6 6. Nf3 g6 7. e4 Bg7 8. Be2
O-O 9. Nd2 Re8 10. O-O a6 11. a4 Nbd7 12. f4 Rb8 13. Bd3 c4 14. Nxc4 Nc5 15. e5
dxe5 16. fxe5 Nxd5 17. Qf3 Nxc3 18. bxc3 Nxd3 19. Qxf7+ Kh8 20. Bg5 Be6 21.
Qxe6 Rxe6 22. Bxd8 Rxd8 23. Nd6 Nxe5 24. Nxb7 Rd2 25. Nc5 Rc6 26. Rab1 h6 27.
Ne4 Ra2 28. Rb8+ Kh7 29. Rb7 g5 30. Nf6+ Kg6 31. Ne8 Bf6 32. Nxf6 Rxf6 33.
Rxf6+ Kxf6 34. Rb6+ Kf5 35. Rxa6 Ke4 36. h3 h5 37. Ra8 g4 38. hxg4 hxg4 39. Re8
Rxa4 40. g3 Ra2 41. c4 Rc2 42. c5 Rxc5 43. Kf2 Rc2+ 44. Kf1 Kf3 0-1

[Event "Lansing (MI Op/4/21)"]
[Site "?"]
[Date "1996.??.??"]
[Round "?"]
[White "Croel, Duane"]
[Black "Lehotzky, Attila"]
[Result "0-1"]
[WhiteElo "1830"]
[BlackElo "1965"]
[PlyCount "50"]
[EventDate "1996.??.??"]

{4/(21)} 1. d4 Nf6 2. c4 e6 3. Nf3 d5 4. Nc3 dxc4 5. e3 c5 6. Bxc4 cxd4 7. exd4
Bb4 8. O-O O-O 9. Bg5 Be7 10. Qe2 h6 11. Bh4 a6 12. a4 Re8 13. Rfd1 Nd5 14.
Bxe7 Nxc3 15. bxc3 Rxe7 16. Re1 Nc6 17. Ne5 Nxe5 18. Qxe5 Qc7 19. Qe2 Bd7 20.
Bd3 Bc6 21. c4 Ree8 22. Qg4 Qd7 23. Re3 Rad8 24. Rg3 Qxd4 25. Qh5 Qxa1+ 0-1

[Event "Cadillac Open/5/10"]
[Site "?"]
[Date "1996.??.??"]
[Round "?"]
[White "Croel, Duane"]
[Black "Kreger, David"]
[Result "0-1"]
[WhiteElo "1835"]
[BlackElo "1620"]
[PlyCount "104"]
[EventDate "1996.??.??"]

{5/10} 1. e4 e6 2. d4 d5 3. e5 c5 4. Nf3 Nc6 5. c3 Qb6 6. Bd3 Bd7 7. O-O cxd4
8. cxd4 Nxd4 9. Nxd4 Qxd4 10. Nc3 a6 11. Qf3 Bc6 12. Re1 Ne7 13. Qe2 Ng6 14.
Bd2 Nf4 15. Bxf4 Qxf4 16. g3 Qh6 17. Rad1 Bc5 18. Bb1 O-O 19. Qc2 Rae8 20. Nxd5
Bxf2+ 21. Qxf2 Bxd5 22. Rd4 Qg5 23. Qe2 Rc8 24. Rg4 Qe7 25. h3 f5 26. exf6 Qc5+
27. Kh2 Rxf6 28. Rf4 Rcf8 29. Ref1 Rxf4 30. gxf4 Qd6 31. Qh5 h6 32. Qg4 Bc6 33.
Rf2 Bd7 34. Qg3 Bc6 35. Qg4 Rf6 36. b3 Qc5 37. Rd2 Bd5 38. Rc2 Qb6 39. Rc8+ Kf7
40. Rc2 Be4 41. Rc7+ Qxc7 42. Bxe4 Qxf4+ 43. Qxf4 Rxf4 44. Bxb7 a5 45. Kg3 e5
46. Bd5+ Ke7 47. a3 a4 48. b4 Rd4 49. Bc6 Rd3+ 50. Kg4 Rxa3 51. b5 Rc3 52. Bd5
Kd6 0-1

[Event "Cadillac Open/3/14"]
[Site "?"]
[Date "1996.??.??"]
[Round "?"]
[White "Croel, Duane"]
[Black "Crysler, Jerry"]
[Result "1-0"]
[WhiteElo "1835"]
[BlackElo "1605"]
[PlyCount "66"]
[EventDate "1996.??.??"]

{3/14} 1. d4 d5 2. c4 b6 3. cxd5 Qxd5 4. Nc3 Qa5 5. Bd2 Qb4 6. Qc2 Qxd4 7. Nb5
Qe5 8. Nxc7+ Kd8 9. Nxa8 Bb7 10. Rc1 Nc6 11. Nf3 Qb8 12. Nxb6 axb6 13. e4 e6
14. Bb5 Bc5 15. Bxc6 Bxc6 16. b4 Nf6 17. bxc5 Bxe4 18. Qa4 Bxf3 19. gxf3 Qe5+
20. Be3 Ke7 21. cxb6 Nd5 22. Qd4 Qd6 23. Qh4+ f6 24. Bc5 Qxc5 25. Rxc5 Nxb6 26.
Qb4 Nd5 27. Qb7+ Kd6 28. Rc6+ Ke5 29. Qb2+ Kf5 30. Qc2+ Kg5 31. Rg1+ Kh6 32.
Rxe6 Rd8 33. Qf5 g6 1-0

[Event "Lansing (MI Op/2/20)"]
[Site "?"]
[Date "1996.??.??"]
[Round "?"]
[White "Croel, Duane"]
[Black "Clark, K."]
[Result "0-1"]
[WhiteElo "1830"]
[BlackElo "2065"]
[PlyCount "48"]
[EventDate "1996.??.??"]

{2/(20)} 1. d4 Nf6 2. c4 e5 3. dxe5 Ng4 4. e4 Nxe5 5. a3 Nbc6 6. Be3 d6 7. Be2
Be6 8. Nd2 a5 9. f4 Qh4+ 10. g3 Qh6 11. Qb3 a4 12. Qxb7 Rb8 13. Qxc7 Rc8 14.
Qb7 Rb8 15. Qa6 Bd7 16. Rb1 Nd8 17. Ngf3 Ng4 18. Bd4 Nc6 19. Bc3 Qh3 20. Bf1
Qh5 21. Nd4 Qc5 22. Nxc6 Qf2+ 23. Kd1 Ne3+ 24. Kc1 Qe1# 0-1

[Event "Lansing (MI Op/5/26)"]
[Site "?"]
[Date "1996.??.??"]
[Round "?"]
[White "Croel, Duane"]
[Black "Chehayeb, Sal"]
[Result "0-1"]
[WhiteElo "1830"]
[BlackElo "2030"]
[PlyCount "60"]
[EventDate "1996.??.??"]

{5/(26)} 1. d4 Nf6 2. c4 e5 3. dxe5 Ng4 4. e4 Nxe5 5. a3 a5 6. f4 Nec6 7. Nf3
Bc5 8. Nc3 O-O 9. Bd3 d6 10. Qe2 Bg4 11. Be3 Nd4 12. Bxd4 Bxd4 13. h3 Bxf3 14.
Qxf3 Nc6 15. Rc1 Re8 16. Kf1 g6 17. Rc2 Bg7 18. Ne2 a4 19. g4 Qh4 20. Qg3 Qxg3
21. Nxg3 Nd4 22. Rf2 Ra6 23. f5 Be5 24. Kg2 Rb6 25. fxg6 hxg6 26. Rhf1 Rb3 27.
Rd1 Ne6 28. Ne2 Rxb2 29. Rdf1 Rd2 30. Nc1 Nf4+ 0-1

[Event "Detroit (Beg/3/11)"]
[Site "?"]
[Date "1996.??.??"]
[Round "?"]
[White "Crist, Kevin"]
[Black "Goode, Randy"]
[Result "1-0"]
[WhiteElo "1605"]
[BlackElo "1605"]
[PlyCount "29"]
[EventDate "1996.??.??"]

{3/(11)} 1. e4 e5 2. Nf3 Nc6 3. Bc4 Bc5 4. d3 h6 5. Nc3 Nf6 6. O-O d6 7. Nd5
Ng4 8. Qe2 Nd4 9. Nxd4 Bxd4 10. Be3 Bxb2 11. Rad1 Be6 12. f3 h5 13. fxg4 Bxg4
14. Qf2 Bxd1 15. Qxf7# 1-0

[Event "Detroit (Beg/4/8)"]
[Site "?"]
[Date "1996.??.??"]
[Round "?"]
[White "Crist, Kevin"]
[Black "Castleberry, L."]
[Result "0-1"]
[WhiteElo "1605"]
[BlackElo "1605"]
[PlyCount "80"]
[EventDate "1996.??.??"]

{4/(8)} 1. e4 e5 2. Nf3 Nc6 3. Bc4 Nf6 4. Ng5 d5 5. exd5 Nxd5 6. Qf3 Qxg5 7.
Bxd5 Nd8 8. d4 Qxc1+ 9. Qd1 Qxd1+ 10. Kxd1 c6 11. Bc4 b5 12. Bd3 exd4 13. Nd2
Be7 14. Nf3 Bg4 15. Be2 O-O 16. Nxd4 Bxe2+ 17. Kxe2 Bf6 18. Rhd1 Re8+ 19. Kf1
b4 20. b3 c5 21. Re1 Nb7 22. Rad1 Bxd4 23. g3 Bc3 24. Re3 Rxe3 25. fxe3 Rd8 26.
Rc1 Bd2 27. Rb1 Bc3 28. Kf2 Rd2+ 29. Kg1 Nd6 30. Rf1 Rxc2 31. Rd1 Rd2 32. Rc1
Rxa2 33. h4 Ra1 34. Rxa1 Bxa1 35. Kf2 c4 36. bxc4 Nxc4 37. e4 b3 38. e5 Nxe5
39. Ke3 b2 40. Kf4 b1=Q 0-1

[Event "Lansing (MOR/2/36)"]
[Site "?"]
[Date "1996.??.??"]
[Round "?"]
[White "Cowans, Winston"]
[Black "Renauer, D."]
[Result "0-1"]
[WhiteElo "1605"]
[BlackElo "1605"]
[PlyCount "71"]
[EventDate "1996.??.??"]

{2/(36)} 1. Nf3 d5 2. d3 Nf6 3. g3 Nc6 4. Bg2 e5 5. Nbd2 Bg4 6. O-O Qd7 7. Re1
Bh3 8. e4 d4 9. Nc4 Bxg2 10. Kxg2 Qe6 11. Ng5 Qd7 12. f4 Bd6 13. fxe5 Nxe5 14.
Nxe5 Bxe5 15. Rf1 O-O-O 16. Rf5 Rhe8 17. Nf3 Qd6 18. Nxe5 Rxe5 19. Bf4 Rde8 20.
Bxe5 Rxe5 21. Rxe5 Qxe5 22. Qf3 Qa5 23. Re1 c5 24. h3 Qd2+ 25. Re2 Qb4 26. Qf5+
Nd7 27. Qxf7 Qxb2 28. e5 Nxe5 29. Rxe5 Qxc2+ 30. Qf2 Qxd3 31. Rxc5+ Kd7 32.
Rd5+ Kc6 33. Rxd4 Qb1 34. Qf3+ Kc7 35. Qc3+ Kb6 36. Rb4+ 0-1

[Event "Detroit (Class DE/3/15)"]
[Site "?"]
[Date "1996.??.??"]
[Round "?"]
[White "Cowans, Winston"]
[Black "Parker, Dean"]
[Result "0-1"]
[WhiteElo "1605"]
[BlackElo "1605"]
[PlyCount "58"]
[EventDate "1996.??.??"]

{3/(15)} 1. Nf3 Nc6 2. g3 Nf6 3. d3 e6 4. Bg2 Bc5 5. O-O d5 6. e3 b6 7. Nbd2
Ng4 8. d4 Bb4 9. c3 Be7 10. Ne1 Nf6 11. e4 Ba6 12. c4 dxc4 13. Qa4 Bb7 14. d5
exd5 15. exd5 Nxd5 16. Qxc4 Ncb4 17. Qd4 O-O 18. Bxd5 Qxd5 19. Qxd5 Bxd5 20. h4
Bc6 21. f4 Bc5+ 22. Kh2 Rfe8 23. a3 Bb5 24. Rh1 Nd3 25. Nxd3 Bxd3 26. b4 Be3
27. Nf1 Bf2 28. Kh3 Re1 29. Kg2 Re2 0-1

[Event "Lansing (MOR/4/19)"]
[Site "?"]
[Date "1996.??.??"]
[Round "?"]
[White "Cowans, Winston"]
[Black "Grzegorczyk, Ron"]
[Result "0-1"]
[WhiteElo "1605"]
[BlackElo "1680"]
[PlyCount "70"]
[EventDate "1996.??.??"]

{4/(19)} 1. Nf3 g6 2. d3 Bg7 3. g3 c5 4. e4 e5 5. Bg2 Nf6 6. O-O Nc6 7. c3 O-O
8. Na3 d6 9. Ng5 a6 10. f4 exf4 11. Bxf4 b5 12. e5 Bg4 13. Qd2 dxe5 14. Bxc6
Rc8 15. Bxe5 Rxc6 16. Qf4 Bf5 17. Bxf6 Bxf6 18. Ne4 Bg7 19. Rad1 Qc7 20. Qh4
Bxe4 21. dxe4 b4 22. Nb1 a5 23. Rd5 Re8 24. Rfd1 Rce6 25. Nd2 bxc3 26. bxc3
Bxc3 27. Nf3 Rxe4 28. Qh3 Qc8 29. Rd7 Bd4+ 30. Kh1 R4e7 31. Ng5 Qc6+ 32. Qg2
Qxg2+ 33. Kxg2 Rxd7 34. Rd2 Rde7 35. Nf3 Re2+ 0-1

[Event "Detroit (Class DE/1/3)"]
[Site "?"]
[Date "1996.??.??"]
[Round "?"]
[White "Cowans, Winston"]
[Black "Gaiefsky, Joey"]
[Result "0-1"]
[WhiteElo "1605"]
[BlackElo "1605"]
[PlyCount "126"]
[EventDate "1996.??.??"]

{1/(3)} 1. Nf3 d5 2. g3 Nf6 3. Bg2 Nc6 4. d3 e5 5. Nbd2 Bd6 6. O-O O-O 7. Re1
Be6 8. e4 d4 9. h4 Qd7 10. Nh2 a6 11. Ndf1 Bb4 12. Bd2 Bxd2 13. Qxd2 Ng4 14. a3
f6 15. f4 exf4 16. gxf4 Nxh2 17. Nxh2 f5 18. e5 Qe7 19. Qf2 g6 20. Kh1 Kf7 21.
Rg1 Rh8 22. Qg3 Rag8 23. Nf3 h6 24. Rae1 g5 25. h5 gxf4 26. Qh2 Ke8 27. Nh4 Qd8
28. Ng6 Rh7 29. Nxf4 Kf7 30. Qh3 Rhg7 31. Ng6 Ne7 32. Nf4 Rg3 33. Qh2 R8g4 34.
Ne2 Re3 35. Bh3 Bd5+ 36. Bg2 Bxg2+ 37. Rxg2 Rxg2 38. Qxg2 Qd5 39. Qxd5+ Nxd5
40. Kg1 f4 41. Kf2 c5 42. Nc1 Rxe1 43. Kxe1 Ke6 44. Nb3 b6 45. Nd2 Kxe5 46.
Nc4+ Kf6 47. b4 cxb4 48. axb4 b5 49. Nd6 Nxb4 50. Ne4+ Ke5 51. Kd2 a5 52. c3
dxc3+ 53. Kxc3 Nd5+ 54. Kb3 a4+ 55. Ka3 Kd4 56. Nd6 Kxd3 57. Nxb5 f3 58. Kxa4
f2 59. Ka3 f1=Q 60. Kb3 Qb1+ 61. Ka3 Qxb5 62. Ka2 Kc2 63. Ka3 Qb3# 0-1

[Event "Lansing (MOR/2/1)"]
[Site "?"]
[Date "1996.??.??"]
[Round "?"]
[White "Cooper, Willie"]
[Black "Sobh, Hassan"]
[Result "0-1"]
[WhiteElo "1605"]
[BlackElo "1780"]
[PlyCount "88"]
[EventDate "1996.??.??"]

{2/(1)} 1. c4 Nf6 2. Nc3 e6 3. a3 d5 4. e3 Be7 5. Nf3 O-O 6. Be2 c6 7. O-O Nbd7
8. d4 dxc4 9. Bxc4 Nb6 10. Bd3 Nbd5 11. e4 Nxc3 12. bxc3 Qa5 13. Qc2 Qh5 14. h3
h6 15. c4 c5 16. d5 exd5 17. cxd5 Bxh3 18. Nh2 Bd7 19. f4 c4 20. Be2 Bc5+ 21.
Kh1 Bg4 22. Bxg4 Nxg4 23. g3 Rfe8 24. Ra2 Qxh2+ 25. Qxh2 Nxh2 26. Kxh2 Rxe4 27.
Rc2 Rd4 28. Bb2 Rxd5 29. Rxc4 Re8 30. Kh3 b6 31. f5 Re2 32. Bc1 f6 33. a4 Kf7
34. Kg4 Ree5 35. Bb2 h5+ 36. Kxh5 Rxf5+ 37. Rxf5 Rxf5+ 38. Kg4 g6 39. Rf4 Rxf4+
40. gxf4 Ke6 41. Bc3 a6 42. Bb2 b5 43. axb5 axb5 44. Bc3 Ba3 0-1

[Event "Lansing (MOR/4/25)"]
[Site "?"]
[Date "1996.??.??"]
[Round "?"]
[White "Cooper, Willie"]
[Black "Rosebrook, G."]
[Result "1-0"]
[WhiteElo "1605"]
[BlackElo "1605"]
[PlyCount "49"]
[EventDate "1996.??.??"]

{4/(25)} 1. c4 Nf6 2. Nc3 e6 3. Nf3 Nc6 4. g3 g6 5. Bg2 Bg7 6. d4 O-O 7. e4 d6
8. O-O Bd7 9. Be3 Re8 10. Qd2 Qc8 11. Bh6 Bxh6 12. Qxh6 Qd8 13. e5 Ng4 14. Qf4
f5 15. h3 g5 16. Nxg5 dxe5 17. dxe5 Ngxe5 18. Rad1 Ng6 19. Qd2 Re7 20. Rfe1 Rb8
21. Qe2 e5 22. Bd5+ Kf8 23. Qh5 Qe8 24. Qh6+ Rg7 25. Nxh7+ {[Black played the
illegal 25...Rxh7. 1-0, 31?]} 1-0

[Event "Lansing (MOR/6/4)"]
[Site "?"]
[Date "1996.??.??"]
[Round "?"]
[White "Cooper, Willie"]
[Black "Marson, Michael"]
[Result "1-0"]
[WhiteElo "1605"]
[BlackElo "1730"]
[PlyCount "67"]
[EventDate "1996.??.??"]

{6/(4)} 1. c4 Nf6 2. Nc3 g6 3. d4 d5 4. e3 Bg7 5. Be2 O-O 6. Nf3 Bg4 7. O-O
dxc4 8. Bxc4 Nbd7 9. h3 Nb6 10. Bb3 Bf5 11. Re1 Ne4 12. Nxe4 Bxe4 13. Ng5 Bd5
14. Bd2 e5 15. Bxd5 Nxd5 16. Ne4 exd4 17. exd4 Bxd4 18. Bg5 Nf6 19. Qb3 h6 20.
Nxf6+ Bxf6 21. Rad1 Bxg5 22. Rxd8 Rfxd8 23. Qxb7 Rdb8 24. Qc6 Rc8 25. g3 Kg7
26. b3 Rab8 27. Re4 Rb6 28. Qa4 a6 29. Qd7 Rbb8 30. Rc4 Rd8 31. Qxc7 Rd1+ 32.
Kg2 Rbd8 33. Rc6 R1d2 34. Qe5+ 1-0